Statistics for Rich The Kid Charting Songs (Billboard Hot 100)

Click here to take the quiz!

General Stats

  • This quiz has been taken 9 times
  • The average score is 4 of 5

Answer Stats

AlbumWeeks OnPeakArtist(s)Song% Correct
The World is Yours20 Weeks#13Rich The KidPlug Walk
100%
The World is Yours19 Weeks#41Rich The Kid ft. Kendrick LamarNew Freezer
80%
Dirtbag4 Weeks#78Blueface & Rich The KidDaddy
80%
Love Me Now?16 Weeks#43Tory Lanez & Rich The KidTAlk tO Me
60%
The World is Yours 25 Weeks#80Rich The KidSplashin'
60%

Score Distribution

Percentile by Number Answered

Percent of People with Each Score

Your Score History

You have not taken this quiz